000 00981nam a2200265Ia 4500
003 OSt
005 20220923211523.0
006 a|||||r|||| 00| 0
007 ta
008 220922b |||||||| |||| 00| 0 san d
020 _a9789380943046 (hbk)
_c900
024 _a261,171
037 _b236, 10/10/2011, Eastern Book Linkers
_cTextual
040 _aARTS
_cARTS
_bsan
041 _2san
_asan
082 _aQ23:223, 152Q1
100 _aश्रीकृष्ण, जुगनू, संपा.
245 0 _aश्रीमद् एकलि›पुराणम्
246 _aShrīmad ekali›purāṇam
260 _aदिल्ली
_b आर्यावर्त संस्कृति संस्थान
_c2011
300 _a504पृ0
_ccm.
650 _aधर्म
942 _hQ23:223, 152Q1
_cTEXL
_2CC
999 _c300370
_d300370